00617cam a2200181 a 450000100100000000500170001000800410002704000290006808200180009710000540011524500370016926000430020630000210024949000490027065000260031965000410034583000490038600001826420200929165428.0760809s1944 nyu 000 f eng d aDO-SdBNPbengcLCdBNPHU a813.54bB922g1 aBuck, Pearl S.q(Pearl Sydenstricker),d1892-197314aThe good earth /cPearl S. Buck. aNew York :bThe Modern Library,c1944. a374 p. ;c17 cm.1 aThe Modern Library of the World's Best Books 4aNovela estadounidense 4aLoiteratura estadounidenseySIGLO XX 0aThe Modern Library of the World's Best Books